000 00437nam a2200157 a 4500
001 000024338
005 20200930022925.0
008 110126s1990 sz ac r 000 0 spa d
020 _a3259055649
040 _aDO-SdBNP
_bspa
_cBNPHU
082 _axxxxxx
_bS948p
245 0 0 _aSuiza :
_bpueblo, Estado, economía, cultura.
260 _aBerna, Suiza :
_bKümmerly+Frey,
_c1990.
300 _a96 p. :
_bil., retrs. ;
_c19 cm.
049 _aBNGR
999 _c23831
_d23831